Obstetrics Nursing Procedure Manual (Record no. 1353)

MARC details
000 -LEADER
Fixed length control field 00539nam a2200205Ia 4500
003 - CONTROL NUMBER IDENTIFIER
Control field IIN
005 - DATE AND TIME OF LATEST TRANSACTION
Control field 20250826112947.0
008 - FIXED-LENGTH DATA ELEMENTS--GENERAL INFORMATION
Fixed length control field 231217s9999 xx 000 0 und d
020 ## - INTERNATIONAL STANDARD BOOK NUMBER / ISBN
Price Rs.550.00
International Standard Book Number 9789354658938
040 ## - CATALOGING SOURCE
Original cataloging agency IIN
Language of cataloging English
082 ## - DEWEY DECIMAL CLASSIFICATION NUMBER
Classification number 618.2
Book Number SWA
100 1# - MAIN ENTRY--PERSONAL NAME
Personal name Swain, Dharitri
245 1# - TITLE STATEMENT
Title Obstetrics Nursing Procedure Manual
Statement of responsibility Dharitri Swain
250 ## - EDITION STATEMENT
Edition statement 2nd ed
260 ## - IMPRINT
Name of publisher Jaypee
Place of publication New Delhi
Date of publication 2023
300 ## - PHYSICAL DESCRIPTION
Page / Vol. No xxiv, 446p.
Other physical details col. ill.
650 1# - SUBJECT ADDED ENTRY--TOPICAL TERM
Topical term Obstetrics
650 1# - SUBJECT ADDED ENTRY--TOPICAL TERM
Topical term Nursing Procedure
942 ## - ADDED ENTRY ELEMENTS (KOHA)
Koha item type Books
Holdings
Withdrawn status Lost status Damaged status Not for loan Collection code Home library Current library Date acquired Price Total Checkouts Call number Accession number Date last seen Date checked out Price effective from Koha item type Total Renewals Source of classification Shelving location
          IDEAL INSTITUTE OF NURSING IDEAL INSTITUTE OF NURSING 17/12/2023 550.00 2 618.2 SWA 1347 05/12/2024 12/02/2024 17/12/2023 Books      
          IDEAL INSTITUTE OF NURSING IDEAL INSTITUTE OF NURSING 17/12/2023 550.00 2 618.2 SWA 1453 25/03/2025 11/03/2025 17/12/2023 Books 1    
          IDEAL INSTITUTE OF NURSING IDEAL INSTITUTE OF NURSING 17/12/2023 550.00 2 618.2 SWA 1620 09/09/2025 11/04/2025 17/12/2023 Books 1    
        Purches Book IDEAL INSTITUTE OF NURSING IDEAL INSTITUTE OF NURSING 11/04/2025 750.00   618.2 SWA 2120 26/08/2025   26/08/2025 Books   Dewey Decimal Classification General Stacks
© Ideal Institute Of Nursing, All rights reserved.         Powered by Koha